| 000 | 00453nam a2200157Ia 4500 | ||
|---|---|---|---|
| 008 | 210716s2017 xx 000 0 und d | ||
| 020 | _a9781783784097 | ||
| 041 | _aeng | ||
| 082 | _a374.22 GESM | ||
| 100 | _aGessen, Masha. | ||
| 245 |
_aFuture is history: how totalitarianism reclaimed Russia. _bHow totalitarianism reclaimed Russia. |
||
| 250 | _a1 | ||
| 260 |
_aNew York _bPenguin Books _c2017 |
||
| 300 | _axii,515 | ||
| 650 | _aGeneral Knowledge | ||
| 999 |
_c210441 _d210441 |
||